Statistics for Super Smash Bros. Ultimate Character Origins

Click here to take the quiz!

General Stats

  • This quiz has been taken 613 times
    (233 since last reset)
  • The average score is 46 of 66

Answer Stats

FighterRelease YearConsoleOrigin Game% Correct
Pac-Man1980ArcadePac-Man
99%
Mario and Donkey Kong1981ArcadeDonkey Kong
98%
Peach, Bowser, and Piranha Plant1985NESSuper Mario Bros.
98%
Duck Hunt1984NESDuck Hunt
95%
Samus and Ridley1986NESMetroid
94%
Ice Climbers1985NESIce Climber
92%
Ryu and Ken1987ArcadeStreet Fighter
92%
Link and Zelda1986NESThe Legend Of Zelda
92%
Mega Man1987NESMega Man
91%
Simon1986NESCastlevania
88%
Snake1987MSX2Metal Gear
88%
Little Mac1983ArcadePunch-Out!!
88%
Mr. Game & Watch1980Game & Watch SystemBall
87%
Dr. Mario1990NES/ Game BoyDr. Mario
87%
Marth1990NESFire Emblem: Shadow Dragon And The Blade Of Light
87%
Pit and Palutena1986NESKid Icarus
86%
Pikachu, Jigglypuff, Mewtwo, and Pokémon Trainer (Squirtle/Ivysaur/Charizard)1996Game BoyPokémon Red
86%
Fox and Falco1993SNESStar Fox
86%
Captain Falcon1990SNESF-Zero
84%
Ness1994SNESEarthbound
82%
R.O.B.1985NESStack-Up
82%
Villager2001GCNAnimal Forest
81%
Hero1986NESDragon Quest
80%
Olimar2001GCNPikmin
80%
Cloud and Sephiroth1997PSFinal Fantasy VII
77%
Sheik, Ganondorf, and Young Link1998N64The Legend Of Zelda: Ocarina Of Time
77%
Banjo-Kazooie1998N64Banjo-Kazooie
76%
Diddy Kong and King K. Rool1994SNESDonkey Kong Country
76%
Mii Fighters (Mii Brawler/Mii Swordfighter/Mii Gunner)2006WiiWii Sports
76%
Luigi1983ArcadeMario Bros.
75%
Steve2009PCMinecraft
75%
Sonic1991GenesisSonic The Hedgehog
75%
Sora2002PS2Kingdom Hearts
74%
Kazuya1994ArcadeTekken
73%
Bayonetta2009Xbox 360/PS3Bayonetta
71%
Pichu1999GBCPokémon Gold
71%
Rosalina & Luma2007WiiSuper Mario Galaxy
71%
Yoshi1990SNESSuper Mario World
71%
Wii Fit Trainer2007WiiWii Fit
69%
Lucas2006GBAMother 3
68%
Daisy1989Game BoySuper Mario Land
66%
Toon Link2002GCNThe Legend Of Zelda: The Wind Waker
66%
Shulk2010WiiXenoblade Chronicles
66%
Kirby and King Dedede1992Game BoyKirby’s Dream Land
65%
Bowser Jr.2002GCNSuper Mario Sunshine
65%
Terry1991ArcadeFatal Fury: King Of Fighters
64%
Inkling2015Wii USplatoon
64%
Lucario2006DSPokémon Diamond
61%
Greninja20133DSPokémon X
61%
Wolf1997N64Star Fox 64
60%
Joker2016PS4/PS3Persona 5
58%
Incineroar20163DSPokémon Sun
54%
Min Min2017SwitchArms
51%
Meta Knight1993NESKirby’s Adventure
51%
Wario1992Game BoySuper Mario Land 2: 6 Golden Coins
51%
Dark Pit20123DSKid Icarus: Uprising
48%
Isabelle20123DSAnimal Crossing: New Leaf
46%
Pyra/Mythra2017SwitchXenoblade Chronicles 2
46%
Dark Samus2004GCNMetroid Prime 2: Echoes
43%
Lucina, Chrom, and Robin20123DSFire Emblem Awakening
41%
Byleth2019SwitchFire Emblem: Three Houses
39%
Corrin20153DSFire Emblem Fates
32%
Ike2005GCNFire Emblem: Path Of Radiance
32%
Zero Suit Samus2004GBAMetroid: Zero Mission
32%
Richter1993PC Engine/TG-16Castlevania: Rondo Of Blood
28%
Roy2001GCNSuper Smash Bros. Melee
28%

Score Distribution

Percentile by Number Answered

Percent of People with Each Score

Your Score History

You have not taken this quiz since the last reset